000 00837nam a22002537a 4500
003 PE SENCICO BE
005 20251020182623.0
008 230103b |||||||| |||| 00| 0 eng d
020 _a978-987-584-297-7
040 _aPE SENCICO BE
_cPE SENCICO BE
041 _aspa
082 _a720.01
_bL63
100 1 _9374
_aLiernur, Jorge Francisco
245 1 _aArquitectura, en teoría :
_bescritos 1986-2010 /
_cJorge Francisco Liernur
250 _a1a ed.
260 _aBuenos Aires:
_bNobuko,
_c2010
300 _a291 p.:
_c20 cm.
440 _9375
_aTeoría y crítica de la arquitectura
650 1 4 _949
_aArquitectura
_vEnsayos, conferencias, etc.
650 2 4 _9366
_aCrítica arquitectónica
710 1 _9376
_aSociedad Central de Arquitectos
910 _bhfp
_chfp
942 _2ddc
_cLIB
_h720.01
_iL63
999 _c3734
_d3734